Využitie pokročilých extrakčných techník pre stanovenie pesticídov v environmentálnych vzorkách

Uložené v:
Podrobná bibliografia
Hlavný autor: Melani, Kristian (Autor)
Ďalší autori: Szarka, Agneša (Vedúci práce)
Médium: Rukopis Kniha
Jazyk:Slovak
Vydavateľské údaje: 2025
Predmet:
On-line prístup:http://is.stuba.sk/zp/portal_zp.pl?podrobnosti=183357
Tagy: Pridať tag
Žiadne tagy, Buďte prvý, kto otaguje tento záznam!

MARC

LEADER 00000ntm a22000003a 4500
001 stuzp105149
003 SK-STU
005 20250607211207.3
007 ta
008 150427s2015----xo-----f-mn---000-0-slo-d
040 |a STU  |b slo 
041 0 |a slo 
100 1 |a Melani, Kristian  |u 041000  |4 aut  |U FCHPT Fakulta chemickej a potravinárskej technológie  |T FCHPT Ústav analytickej chémie  |X 112299  |U C1000  |Y 99  |7 112299 
242 0 1 |a Use of advanced extraction techniques for the determination of pesticides in environmental samples  |y eng 
245 1 0 |a Využitie pokročilých extrakčných techník pre stanovenie pesticídov v environmentálnych vzorkách 
260 |c 2025 
650 4 |a pesticides  |2 eng 
650 4 |a multi-residue method  |2 eng 
650 4 |a MAE  |2 eng 
650 4 |a GC-MS  |2 eng 
650 4 |a soil  |2 eng 
650 4 |a method validation  |2 eng 
650 4 |a multi-reziduálna metóda  |2 slo 
650 4 |a validácia metódy  |2 slo 
650 4 |a MAE  |2 slo 
650 4 |a pesticídy  |2 slo 
650 4 |a GC-MS  |2 slo 
650 4 |a pôda  |2 slo 
700 1 |a Szarka, Agneša  |u 041000  |k Z2  |4 ths  |U FCHPT Fakulta chemickej a potravinárskej technológie  |T FCHPT Ústav analytickej chémie  |X 40268  |U C1000  |Y 99  |7 A000040268 
856 4 |u http://is.stuba.sk/zp/portal_zp.pl?podrobnosti=183357